| 000 | 00443cam a2200169ua 4500 | ||
|---|---|---|---|
| 041 |
_aeng _h |
||
| 082 |
_a821 _bGRA/GR |
||
| 100 | _aGray, . | ||
| 245 |
_aGray`s poems, letters and essays / _cGray. _hTextual Documents |
||
| 260 |
_aLondon : _bJ M Dent and Sons Ltd , _c1935. |
||
| 300 | _a390 ; . | ||
| 440 | 0 |
_aEveryman`s Library, _v628 _x; |
|
| 490 | 0 |
_aEveryman`s Library, _v628 _x; |
|
| 504 | _a | ||
| 942 | _cBK | ||
| 999 |
_c5868 _d5868 |
||